[Event "Avoine op 27th"]
[Site "Avoine"]
[Date "2012.07.28"]
[Round "8"]
[White "Lupoglazoff, Maxime"]
[Black "Devallee, Jeremie"]
[Result "0-1"]
[WhiteElo "1618"]
[BlackElo "2106"]
[PlyCount "58"]
[EventDate "2012.07.21"]
[EventType "swiss"]
[EventRounds "9"]
[EventCountry "FRA"]
[SourceTitle "CBM 149 Extra"]
[Source "ChessBase"]
[SourceDate "2012.08.24"]
[SourceVersion "1"]
[SourceVersionDate "2012.08.24"]
[SourceQuality "1"]

1. e4 c5 2. Nf3 d6 3. d4 cxd4 4. Nxd4 Nf6 5. Nc3 g6 6. Be3 Bg7 7. f3 0-0 8. Qd2 Nc6 9. 0-0-0 d5 10. Nxc6 bxc6 11. exd5 Nxd5 12. Nxd5 cxd5 13. Qxd5 Qc7 14. Qc5 Qb7 15. Bd4 Bf5 16. Qb5 Qc7 17. Qc5 Qxc5 18. Bxc5 Rfc8 19. b4 a5 20. Bd3 Bxd3 21. Rxd3 axb4 22. Bxb4 Rxa2 23. Kd2 Raxc2+ 24. Ke3 Bh6+ 25. Ke4 R2c4+ 26. Rd4 e5 27. Rxc4 Rxc4+ 28. Kxe5 Rxb4 29. g4 Bf4+ 0-1